000 00262nam a2200109Ia 4500
005 20251222113744.0
008 251222s1900||||xx |||||||||||||| ||spa||
082 _aDVD0070/P43/2004
245 0 _aNineteen Eighty-Four:1984
264 _b20th Century Fox
942 _cDVD
999 _c729
_d729